000 00767nam a2200253 a 4500
001 BRCA_5073
005 20190320204927.0
008 840202s1960----enka######---#000-0#eng-#
041 _aeng
044 _aenk
050 4 _aN8670
_b.A78 2 1960
245 1 0 _aArt-Price Annual
_b1959-1960 : volume XV.
260 _aLondres
_bArt & Technology
_c1960
300 _a568 p. (v.15)
_bil.
_c21 cm.
500 _aNueva serie: 1 julio, 1959 - 30 junio, 1960
500 _aIncluye índice de anunciantes
500 _aVer también AM44 (v.17), U74 (v.10) y X87 (v.14)
500 _aDD30
546 _aTexto en: inglés, francés y alemán
650 1 4 _aArte
_vCatálogos
_xPrecios
_912934
650 1 4 _aArte
_vAnuarios
_xPrecios
_912935
902 _aGFM
942 _2lcc
_cB
999 _c4767
_d4767